000
00386nam a2200133Ia 4500
008
151001s9999||||xx |||||||||||||| ||und||
100
_a
सुदर्शन भाटीया
245
_a
कलियुग दर्पण
250
_a
1
260
_b
हार्दिक प्रकाशन नई दिल्ली
260
_c
2012
300
_a
200
365
_b
21
999
_c
1000634
_d
1000631